[Event "Perth op"]
[Site "Perth"]
[Date "2023.01.05"]
[Round "6"]
[White "Ho, Oscar"]
[Black "Lee, Lucas"]
[Result "1-0"]
[WhiteElo "1208"]
[BlackElo "830"]
[PlyCount "59"]
[EventDate "2023.01.02"]
[EventType "swiss"]
[EventRounds "11"]
[EventCountry "AUS"]
[SourceTitle "CBM 212 Extra"]
[Source "ChessBase"]
[SourceDate "2023.03.31"]
[SourceVersion "1"]
[SourceVersionDate "2023.03.31"]
[SourceQuality "1"]

1. d4 Nf6 2. c4 g6 3. Nc3 d5 4. cxd5 Nxd5 5. e4 Nxc3 6. bxc3 Bg7 7. Nf3 c5 8. Be3 Nc6 9. Rc1 Qa5 10. Bc4 0-0 11. 0-0 Bg4 12. e5 Rfd8 13. h3 Bxf3 14. Qxf3 e6 15. Rfd1 b5 16. Bxe6 fxe6 17. Qxc6 Qb6 18. Qe4 c4 19. Rb1 Rd5 20. Bg5 h6 21. Bf6 Kh7 22. h4 Bxf6 23. exf6 Rf8 24. a4 a6 25. axb5 Rxb5 26. Rxb5 axb5 27. Qe5 Re8 28. Rb1 Rb8 29. Rxb5 Qxb5 30. Qc7+ 1-0

[Event "Perth op"]
[Site "Perth"]
[Date "2023.01.05"]
[Round "5"]
[White "Kerr, Lennon"]
[Black "Ho, Oscar"]
[Result "0-1"]
[WhiteElo "691"]
[BlackElo "1208"]
[PlyCount "50"]
[EventDate "2023.01.02"]
[EventType "swiss"]
[EventRounds "11"]
[EventCountry "AUS"]
[SourceTitle "CBM 212 Extra"]
[Source "ChessBase"]
[SourceDate "2023.03.31"]
[SourceVersion "1"]
[SourceVersionDate "2023.03.31"]
[SourceQuality "1"]

1. e4 c5 2. Nf3 d6 3. d4 cxd4 4. Nxd4 Nc6 5. Be3 Nf6 6. Nc3 g6 7. f3 Bg7 8. Qd2 0-0 9. 0-0-0 Bd7 10. g4 a6 11. h4 h5 12. gxh5 Nxh5 13. Be2 b5 14. Nxc6 Bxc6 15. f4 b4 16. Nd5 Bxd5 17. exd5 Qa5 18. Kb1 Ng3 19. Rhg1 Ne4 20. Qd3 Nc3+ 21. Kc1 Qxa2 22. h5 Ne4 23. Qxe4 Qxb2+ 24. Kd2 Qc3+ 25. Kc1 Qa3+ 0-1

[Event "Hong Kong Jolimark op"]
[Site "Hong Kong"]
[Date "2017.12.23"]
[Round "2"]
[White "Mekarapiruk, Chawit"]
[Black "Ho, Oscar"]
[Result "1-0"]
[WhiteElo "1480"]
[BlackElo "1091"]
[PlyCount "39"]
[EventDate "2017.12.23"]
[EventType "swiss"]
[EventRounds "9"]
[EventCountry "HKG"]
[SourceTitle "CBM 182 Extra"]
[Source "ChessBase"]
[SourceDate "2018.02.23"]
[SourceVersion "1"]
[SourceVersionDate "2018.02.23"]
[SourceQuality "1"]

1. e4 e5 2. Nf3 Nc6 3. Nc3 Nf6 4. a3 Bc5 5. Nxe5 Nxe5 6. d4 Bxd4 7. Qxd4 Nc6 8. Qd1 Qe7 9. Bd3 d5 10. 0-0 dxe4 11. Nxe4 Nxe4 12. Bxe4 Qxe4 13. Re1 Qxe1+ 14. Qxe1+ Ne7 15. Bf4 c6 16. Bd6 Be6 17. f4 f5 18. Qxe6 Kd8 19. Qxe7+ Kc8 20. Qc7# 1-0